| 000 | 01385nam a2200289 4500 | ||
|---|---|---|---|
| 001 | 0000021229 | ||
| 003 | CO-CtgCURN | ||
| 005 | 20250828213536.0 | ||
| 008 | 160627s1999 000 0 eng d | ||
| 020 | _a9588051517 | ||
| 040 |
_aCO-CtgCURN _bspa _ccoctgcurn |
||
| 082 | 0 |
_a344.01 _bD45d |
|
| 245 | 0 | 3 |
_aEl derecho laboral que hereda el milenio : _btransformacion de su enseñanza / _cMarcel Silva Romero, compilador. |
| 260 |
_aBogotá : _bUniversidad Nacional de Colombia, _c1999. |
||
| 300 | _a405 p. | ||
| 336 | _2rdacontent | ||
| 337 |
_2rdamedia _asin mediacion _bn |
||
| 338 |
_2rdacarrier _avolumen _bnc |
||
| 500 | _aTrabajo docente U.N. | ||
| 504 | _aBibliografia (p. 404-405) | ||
| 505 | 8 | _aTendencias contemporaneas del derecho del trabajo.--Complejidad y dinamismo en el sistema español de negociacion colectiva.--Regulacion ,empleo y perpectivas del derecho laboral.--El trabajo, el derecho laboral y la seguridad social: autonomias e inter-relaciones.--Pedagogia y contexto.--La unidad del orden juridico y el estudio del derecho.--La interdisciplinariedad en la enseñanza del derecho laboral.--Teorias criticas y enseñanzas del derecho laboral | |
| 650 | 0 | _aDerecho laboral. | |
| 700 | 1 | _aSilva Romero, Marcel. | |
| 908 | _a160627 | ||
| 942 |
_cBK _h344.01 _iD45d _2ddc |
||
| 999 |
_c49971 _d49971 _x1 |
||